000 03028nac a22003497a 4500
003 Co-PeBPM
005 20240415143217.0
007 ta
008 240407s2020 |||a|||| |||| 00| 0 spa d
020 _a9789587224252
040 _aCo-PeBPM
_bspa
_cCo-PeBPM
_erda
041 _aspa
082 0 4 _a868 R173e
_222
100 1 _aRamírez Rave, Juan Manuel
_d1979- ,
_eautor
245 1 4 _aLa escritura del silencio en tres cuentistas Latinoamericanos
_b: Efrén Hernández, Francisco Tario y Felisberto Hernández
_c/ Juan Manuel Ramírez Rave
250 _aPrimera edición
260 _aPereira, Risaralda
_b: Editorial Universidad Tecnológica de Pereira
_c2020
300 _a137 páginas
_bilustraciones a color
_c23 centímetros
490 _aColección Trabajos de Investigación
500 _aIncluye índice
500 _aContiene datos biográficos del autor en la solapa del texto
504 _aContiene Bibliografía al final del texto
520 _aEn esta publicación, se reúnen los antecedentes de la escritura del silencio de tres narradores latinoamericanos: Felisberto Hernández, Francisco Tario y Efrén Hernández. Se pretende ofrecer tres miradas sobre la escritura silenciosa de estos cuentistas y una breve aproximación a sus poéticas del silencio. En la primera parte, se defiende una premisa, a saber: palabra y silencio son compatibles sin ser entidades comparables. De tal forma, se evita caer en una postura sobre el silencio, caracterizada por una visión negativa y reduccionista, en la que se le otorga una función siempre subsidiaria, es decir, de dependencia de la palabra. En la segunda parte, se pretende evidenciar la conciencia y la escritura del silencio en la obra de los tres autores; se busca subsanar la ausencia de una tipología silenciaria, específica para la narrativa, a partir de la revisión de una serie de propuestas, vinculadas con la estilística, la retórica, la estética y la poética del silencio en la lírica. En la tercera parte, se examinan y aplican algunos tipos (taxonomías) y formas de silencio en la literatura. En las dos últimas partes, se presentan algunos elementos que permiten evidenciar cómo el silencio se constituye en poética, en reflexión sobre la palabra y el vacío, sobre el ser y la nada de la escritura. Además, a lo largo de todo el libro, a manera de ejercicio creativo, se expone la propuesta denominada «Diez itinerarios. Poéticas: arte de composición del silencio». Esta conjuga el trabajo fotográfico de Leidy Yulieth Montoya Aguirre con diez epígrafes en calidad de antesala a un trabajo que hasta ahora inicia: la formulación de tres poéticas del silencio.
546 _aspa
650 1 4 _aLiteratura latinoamericana
_2Lemb
650 1 4 _aEscritores Latinoamericanos
_2Lemb
650 1 4 _aFilosofía de la literatura
_2Lemb
650 1 4 _aNarrativa latinoamericana
_2Lemb
650 1 4 _aLiteratura moderna
_2Lemb
942 _2ddc
_cBK
_n0
999 _c26738
_d26738